Narrativa española fuera de España 1939-1961
שמור ב:
| מחבר ראשי: | |
|---|---|
| פורמט: | ספר |
| שפה: | ספרדית |
| יצא לאור: |
Madrid
Guadarrama
1963
|
| סדרה: | Colección Guadarrama de Crítica y Ensayo, 39
|
| נושאים: | |
| תגים: |
הוספת תג
אין תגיות, היה/י הראשונ/ה לתייג את הרשומה!
|
MARC
| LEADER | 00000nam a2200000 a 4500 | ||
|---|---|---|---|
| 001 | UCZ0938 | ||
| 003 | CL-VaPUC | ||
| 008 | 950810e19630000SP |||||||||||||||||spa|d | ||
| 082 | 0 | 4 | |a 863.09 |b MAR |2 21 |
| 100 | |a Marra López, José R. |e autor |9 344231 | ||
| 245 | 1 | 0 | |a Narrativa española fuera de España 1939-1961 |
| 300 | |a 539 p | ||
| 942 | |c BK | ||
| 945 | |d 19950810 00:00:00 |a rbrito | ||
| 260 | |a Madrid |b Guadarrama |c 1963 | ||
| 600 | 0 | 7 | |a UNAMUNO, MIGUEL DE |2 CL-VaPUC |9 312478 |
| 600 | 0 | 7 | |a AUB, MAX |2 CL-VaPUC |9 344232 |
| 600 | 0 | |a Ayala, Francisco |e author |9 466127 | |
| 600 | 0 | 7 | |a SENDER, RAMON JOSE |2 CL-VaPUC |9 314538 |
| 600 | 0 | 7 | |a SERRANO PONCELA, SEGUNDO |2 CL-VaPUC |9 344233 |
| 650 | 7 | |a NOVELA ESPAÑOLA |2 CL-VaPUC |9 313139 | |
| 650 | 0 | |a Crítica literaria |9 269189 | |
| 650 | 0 | |a Exilio |9 343229 | |
| 583 | |a last modification |c 19950810 00:00:00 |k Rodrigo Vera | ||
| 490 | 0 | |a Colección Guadarrama de Crítica y Ensayo, 39 | |
| 999 | |c 237803 |d 237801 | ||
| 952 | |0 0 |1 0 |4 0 |6 863_090000000000000_MAR_1963 |7 0 |8 A |9 247502 |a BIBEDU |b BIBEDU |d 2019-11-18 |i 3107981 |o 863.09 MAR 1963 |p 3107981 |r 2019-11-18 |w 2019-11-18 |y BK |k LIT | ||
| 952 | |0 0 |1 0 |4 0 |6 863_090000000000000_MAR_1963 |7 0 |8 A |9 247503 |a BIBEDU |b BIBEDU |d 2019-11-18 |i 3273393 |o 863.09 MAR 1963 |p 3273393 |r 2019-11-18 |w 2019-11-18 |y BK |k LIT | ||